| 000 | 01067nam a2200301 a 4500 | ||
|---|---|---|---|
| 001 | 47818 | ||
| 003 | BD-RjUL | ||
| 005 | 20211209054411.0 | ||
| 008 | 160810s1995 bg a b 000 0 eng | ||
| 035 | _a(BD-RjUL)47937 | ||
| 040 |
_aDLC _cDLC _beng _dBD-RjUL |
||
| 041 | _aeng | ||
| 082 | 0 | 0 |
_a305.8958 _223 _bRAT 1995 |
| 100 | 1 |
_aRazzaq, Abdur _9145192 |
|
| 245 | 1 | 2 |
_aA tale of refugees : _bRohingyas in Bangladesh / _cAbdur Razzak, Mahfuzul Haque. |
| 246 | 1 | 8 | _aRohingyas in Bangladesh |
| 260 |
_aDhaka : _bCentre for Human Rights, _cc1995. |
||
| 300 |
_a234 p. : _bill. ; _c22 cm. |
||
| 504 | _aIncludes bibliographical references. | ||
| 520 | _aOn Rohingyas of Arakan State, Burma taking refuge in Bangladesh, and their repatriation. | ||
| 650 | 0 |
_aRohingya (Burmese people) _9145193 |
|
| 650 | 0 |
_aRohingya (Burmese people) _zBangladesh. _9128322 |
|
| 650 | 0 |
_aRefugees _zBurma. _9128323 |
|
| 650 | 0 |
_aRefugees _zBangladesh. _9128324 |
|
| 700 | 1 |
_aHaque, Mahfuzul. _9145194 |
|
| 710 | 2 |
_aCentre for Human Rights (Dhaka, Bangladesh) _9145195 |
|
| 942 |
_2ddc _cBK |
||
| 999 |
_c47818 _d47818 |
||